Guess mystery Olivia Rodrigo song - Statistics

General Stats
  • This quiz has been taken 46 times
    45 since last reset
  • The average score is 220 of 352
Answer Stats
Answer % Correct
I
100%
a
97%
me
91%
Me
91%
the
91%
do
88%
And
85%
and
85%
ANd
85%
be
85%
go
85%
so
85%
to
85%
it
82%
my
82%
am
79%
did
79%
But
76%
can
73%
where
73%
Where
73%
all
70%
for
70%
got
70%
I'm
70%
its
70%
love
70%
on
70%
Want
70%
who
70%
can't
67%
like
67%
of
67%
with
67%
don't
64%
just
64%
not
64%
say
64%
thing
64%
done
61%
in
61%
know
61%
at
58%
that
58%
They
58%
they
58%
bed
55%
been
55%
girl
55%
making
55%
Making
55%
people
55%
used
55%
Another
52%
could
52%
Every
52%
every
52%
good
52%
some
52%
this
52%
what
52%
cause
48%
feel
48%
friends
48%
head
48%
one
48%
ruined
48%
said
48%
them
48%
wanna
48%
as
45%
away
45%
best
45%
nothing
45%
than
45%
took
45%
up
45%
whos
45%
day
42%
drunk
42%
from
42%
fun
42%
Getting
42%
out
42%
over
42%
piece
42%
plastic
42%
sometimes
42%
tell
42%
throw
42%
Well
42%
well
42%
club
39%
conversation
39%
dream
39%
life
39%
light
39%
mine
39%
night
39%
off
39%
Pull
39%
Push
39%
read
39%
sheets
39%
stop
39%
being
36%
control
36%
forced
36%
older
36%
perfect
36%
pretending
36%
red
36%
sign
36%
something
36%
thought
36%
tired
36%
attraction
33%
doesn't
33%
fair
33%
feels
33%
happen
33%
has
33%
imagined
33%
into
33%
let
33%
road
33%
things
33%
tourist
33%
wake
33%
wanted
33%
dread
30%
moment
30%
playing
30%
somewhere
30%
swerve
30%
through
30%
victim
30%
weather
30%
distraction
27%
driving
27%
machinery
27%
turned
27%
brakes
24%
city
24%
recurring
24%
someone
24%
They're
24%
changing
18%
No matching quizzes found
Score Distribution
Percent of People with Each Score
Percentile by Number Answered
Your Score History
You have not taken this quiz since the last reset